00363cam a2200145ua 45000010005000000080039000050400009000440820012000531000021000652450041000862600047001273000010001746530012001846530021001965646131007n ii |||gr||||Z||||||eng cMAIN a954.162 aDutta,Debabrata. aHistory Of AssamcBy Debabrata Dutta aCalcutta:bSribhumi Publishing Co.,c1986. a238p. aHistory aHistory Of Assam